System of a Down: Albums by Cover - Statistics

General Stats
  • This quiz has been taken 122 times
  • The average score is 5 of 5
Answer Stats
Picture Hint Answer % Correct
2001 Toxicity
97%
2002 Steal This Album!
95%
2005 Hypnotize
91%
1998 System of a Down
90%
2005 Mezmerize
83%
No matching quizzes found
Score Distribution
Percent of People with Each Score
Percentile by Number Answered
Your Score History
You have not taken this quiz